Advances in infancy research.

Bibliographic Details
Other Authors: Lipsitt, Lewis Paeff, 1929-, Rovee-Collier, Carolyn K.
Format: Serial
Language:English
Published: Norwood, N.J. : ABLEX Pub. Corp., [1981-]
Subjects:
Online Availability: Check for online availability

MARC

Tag First Indicator Second Indicator Subfields
LEADER 00000cas a2200000 a 4500
001 in00000071084
005 20151008062039.0
008 811021d19811998njuuu1 0 a0eng d
010 |a  84642158   |z sc 82007220   |z sn 82004142  
016 7 |a 8202314  |2 DNLM 
016 7 |a A14223000  |2 DNLM 
019 |a 7987577 
022 0 |a 0732-9598 
035 |a (OCoLC)07863811 
035 |9 AAJ9408AM 
037 |b ABLEX Pub. Corp., 355 Chestnut St., Norwood, NJ 07648 
040 |a IUL  |c IUL  |d HUL  |d NLM  |d NSD  |d NST  |d DLC  |d NST  |d SER  |d NST  |d AIP  |d DLC  |d OCL  |d AIP  |d NST  |d DLC  |d NST  |d DLC  |d OCLCQ  |d TJC  |d UtOrBLW 
042 |a nsdp  |a lc 
049 |a TXAM 
050 0 0 |a BF719  |b .A33 
060 0 0 |a W1  |b AD647M 
082 0 |a 155.4/22  |2 19 
210 0 |a Adv. infancy res. 
222 0 |a Advances in infancy research 
245 0 0 |a Advances in infancy research. 
264 1 |a Norwood, N.J. :  |b ABLEX Pub. Corp.,  |c [1981-] 
264 4 |c ©1981- 
300 |a 12 volumes :  |b illustrations ;  |c 24 cm. 
336 |a text  |b txt  |2 rdacontent 
337 |a unmediated  |b n  |2 rdamedia 
338 |a volume  |b nc  |2 rdacarrier 
362 0 |a Vol. 1- 
362 1 |a Ceased with v. 12 in 1998? 
500 |a Editors: L.P. Lipsitt and C.K. Rovee-Collier. 
580 |a Continued by an unnumbered series with the same title published by Praeger. 
650 0 |a Infant psychology  |v Periodicals. 
650 2 |a Child Development  |v Periodicals. 
650 2 |a Psychology, Child  |v Periodicals. 
650 2 |a Infant  |v Periodicals. 
700 1 |a Lipsitt, Lewis Paeff,  |d 1929- 
700 1 |a Rovee-Collier, Carolyn K. 
850 |a AAP  |a AU  |a AzU  |a CSt  |a CU  |a CU-Riv  |a CU-S  |a CaAEU  |a CaBVaS  |a CaMWU  |a CaNSHD  |a CaOLU  |a CaOPAL  |a CaOTU  |a CaOWA  |a CaOWtU  |a CaQMU  |a CaSSU  |a CoFS  |a CoU  |a CtY  |a DGW  |a DLC  |a DNLM da DeU  |a FU  |a GEU  |a IU  |a IaAS  |a IaU  |a InLP  |a InU  |a KMK  |a KyU  |a LNT  |a LU  |a MA  |a MH-Ps  |a MMeT  |a MShM  |a MWelC  |a MdU  |a MiEM  |a MnU  |a MoKU  |a MoU  |a NBuC  |a NCH  |a NIC  |a NSyU  |a NbU-M  |a NcD  |a NcRS  |a NcU  |a NdU  |a NhD  |a NjR  |a NmU  |a NvU  |a OU  |a OrU  |a PPD  |a PPT  |a PU  |a RPB-S  |a TU  |a TxArU  |a TxCM  |a TxDaM  |a TxHR  |a TxLT  |a UPB  |a ViBlbV  |a ViRCU-H  |a ViU  |a ViW  |a WaU  |a WyU 
936 |a Vol. 1 
994 |a E0  |b TXA 
949 |a updated  |b h  |c 2003/8/6  |e coplinge  |f 10:38:05 am 
999 |a MARS 
999 f f |s da4e24d3-ebe7-36fc-9169-4d3a50fb83e4  |i 42ffd771-7a23-32a2-be09-b6838c470bea  |t 0 
952 f f |p ric  |a Texas A&M University  |b Rellis Campus  |c Joint Library Facility  |d Remote Storage  |t 0  |e BF723.I6 A3  |h Library of Congress classification  |i unmediated -- volume  |k v.3  |l 1984  |m A14808803310 
952 f f |p ric  |a Texas A&M University  |b Rellis Campus  |c Joint Library Facility  |d Remote Storage  |t 0  |e BF723.I6 A3  |h Library of Congress classification  |i unmediated -- volume  |k v.11  |l 1997  |m A14821388012 
952 f f |p ric  |a Texas A&M University  |b Rellis Campus  |c Joint Library Facility  |d Remote Storage  |t 0  |e BF723.I6 A3  |h Library of Congress classification  |i unmediated -- volume  |k v.4  |l 1986  |m A14809373350 
952 f f |p ric  |a Texas A&M University  |b Rellis Campus  |c Joint Library Facility  |d Remote Storage  |t 0  |e BF723.I6 A3  |h Library of Congress classification  |i unmediated -- volume  |k v.5  |l 1988  |m A14811310457 
952 f f |p ric  |a Texas A&M University  |b Rellis Campus  |c Joint Library Facility  |d Remote Storage  |t 0  |e BF723.I6 A3  |h Library of Congress classification  |i unmediated -- volume  |k v.7  |l 1992  |m A14815962214 
952 f f |p ric  |a Texas A&M University  |b Rellis Campus  |c Joint Library Facility  |d Remote Storage  |t 0  |e BF723.I6 A3  |h Library of Congress classification  |i unmediated -- volume  |k v.1  |l 1981  |m A14807366844 
952 f f |p ric  |a Texas A&M University  |b Rellis Campus  |c Joint Library Facility  |d Remote Storage  |t 0  |e BF723.I6 A3  |h Library of Congress classification  |i unmediated -- volume  |k v.10  |l 1996  |m A14820196925 
952 f f |p ric  |a Texas A&M University  |b Rellis Campus  |c Joint Library Facility  |d Remote Storage  |t 0  |e BF723.I6 A3  |h Library of Congress classification  |i unmediated -- volume  |k v.2  |l 1983  |m A14807659970 
952 f f |p ric  |a Texas A&M University  |b Rellis Campus  |c Joint Library Facility  |d Remote Storage  |t 0  |e BF723.I6 A3  |h Library of Congress classification  |i unmediated -- volume  |k v.6  |l 1990  |m A14812727055 
952 f f |p ric  |a Texas A&M University  |b Rellis Campus  |c Joint Library Facility  |d Remote Storage  |t 0  |e BF723.I6 A3  |h Library of Congress classification  |i unmediated -- volume  |k v.12  |l 1998  |m A14824051070 
952 f f |p ric  |a Texas A&M University  |b Rellis Campus  |c Joint Library Facility  |d Remote Storage  |t 0  |e BF723.I6 A3  |h Library of Congress classification  |i unmediated -- volume  |k v.8  |l 1993  |m A14817372287 
952 f f |p ric  |a Texas A&M University  |b Rellis Campus  |c Joint Library Facility  |d Remote Storage  |t 0  |e BF723.I6 A3  |h Library of Congress classification  |i unmediated -- volume  |k v.9  |l 1995  |m A14819087480 
998 f f |a BF723.I6 A3  |s v.1-12 (1981-1998)  |t 0  |l Remote Storage